| 000 | 00755nam a2200253 a 4500 | ||
|---|---|---|---|
| 001 | 3520 | ||
| 003 | BD-RjUL | ||
| 005 | 20211208233738.0 | ||
| 008 | 131219s1959 hk d b 000 0 eng d | ||
| 035 | _a(BD-RjUL) | ||
| 040 |
_aBD-RjUL _beng _cBD-RjUL |
||
| 041 | _aeng | ||
| 082 |
_a 338.10951 _bCHP 1959 |
||
| 100 | 1 |
_aZheng, Zhuyuan. _911097 |
|
| 245 | 1 | 4 |
_aThe people's communes / _cby Cheng Chu-yuan. |
| 260 |
_aHong Kong : _bUnion Press, _c1959. |
||
| 300 |
_a139 p. : _b1 fold. chart ; _c18 cm. |
||
| 504 | _aIncludes bibliographical references. | ||
| 650 | 0 |
_aCommunes (China) _911098 |
|
| 650 | 0 |
_aAgriculture _xEconomic aspects _zChina. _99202 |
|
| 650 | 0 |
_aLabor _zChina. _911099 |
|
| 651 | 0 |
_aChina _xHistory _y1949-1976. _911100 |
|
| 942 |
_2ddc _cBK |
||
| 999 |
_c3520 _d3520 |
||